000 00471nam a2200181Ia 4500
005 20250508160709.0
008 008 250505s9999 xx 000 0 eng d
037 _aTextual
040 _aFEDL
_beng
_cFEDL
041 _aeng
_2eng
084 _aF, NAT
_qFEDL
100 _aNatwar-Singh K
245 0 _aStories from India
260 _aLondon, UK
_bHodder and Stoughton
_c1971
300 _axii,274p
942 _cTEXL
_hF, NAT
999 _c1366087
_d1366087